| 000 | 00479nam a2200181Ia 4500 | ||
|---|---|---|---|
| 005 | 20250326141753.0 | ||
| 008 | 250326s9999 xx 000 0 und d | ||
| 037 | _aTextbook | ||
| 040 |
_aFMSL _beng _cFMSL |
||
| 041 |
_aeng _2eng |
||
| 084 |
_aT4 M7 _qFMSL |
||
| 100 |
_aSobti M L _9478248 |
||
| 245 | 0 |
_aFicial code for University systems _cSobti M L |
|
| 260 |
_aDelhi _bDelhi, Vikas _c1987 |
||
| 300 | _a463p | ||
| 942 |
_cTB _hT4 M7 |
||
| 999 |
_c1291882 _d1291882 |
||